000 01001nam a2200277 i 4500
001 189071
003 SpMaBN
005 20240510063153.0
008 190327s2017 sp a |||| | spa d
020 _a978-84-7731-604-6
080 _a929:821.134.2-6"19"
080 _a929:821.134.2(7/8)-6"19"
100 1 _aDíez Serrano, Isabel.
_944650
245 1 0 _aRevelaciones líricas
_b: epístolas /
_cIsabel Díez Serrano.
250 _a1ª ed.
260 _aMadrid :
_bEndymion,
_c2017.
300 _a153 p. :
_bil. ;
_c21 cm.
490 1 _aPoesía (Ediciones Endymion)
594 _aEn port.: Vasconcelos 2015.
600 1 7 _aDíez Serrano, Isabel-
_vCorrespondencia.
_9166707
830 0 _aPoesía (Ediciones Endymion)
_9191744
852 _aES-MaACL
_jA-14454
_91962018
_bR.151830
_cDEPO1
_dOlim: N-7454
_gDedicatoria autógrafa de la autora
_hDonación: Isabel Díez Serrano
903 _944650
_aDíez Serrano, Isabel
_ednr
942 _2udc
_cMONOGRAFIA
999 _c189071
_d189071